Pollen concentration data set for tree of heaven (Ailanthus altissima) on the Southern Great Plain region in 2019-2020

Elmentve itt :
Bibliográfiai részletek
Szerzők: Vojnich Viktor József
Udvardy Orsolya
Ferencz Árpád
Makra László
Magyar Donát
Testületi szerző: Wellmann International Scientific Conference (19.) (2022) (Hódmezővásárhely)
Dokumentumtípus: Könyv része
Megjelent: University of Szeged Faculty of Agriculture Hódmezővásárhely 2022
Sorozat:Wellmann International Scientific Conference
Kulcsszavak:Pollen - előadáskivonat, Palinológia - előadáskivonat, Levegőszennyeződés - pollen - Magyarország - 2019-2020 - előadáskivonat
Tárgyszavak:
Online Access:http://acta.bibl.u-szeged.hu/76335
LEADER 01245naa a2200265 i 4500
001 acta76335
005 20221108134833.0
008 220715s2022 hu o 1|| eng d
020 |a 2978-963-306-860-1 
040 |a SZTE Egyetemi Kiadványok Repozitórium  |b hun 
041 |a eng 
100 1 |a Vojnich Viktor József 
245 1 0 |a Pollen concentration data set for tree of heaven (Ailanthus altissima) on the Southern Great Plain region in 2019-2020  |h [elektronikus dokumentum] /  |c  Vojnich Viktor József 
260 |a University of Szeged Faculty of Agriculture  |b Hódmezővásárhely  |c 2022 
300 |a 97 
490 0 |a Wellmann International Scientific Conference 
650 4 |a Természettudományok 
650 4 |a Föld- és kapcsolódó környezettudományok 
695 |a Pollen - előadáskivonat, Palinológia - előadáskivonat, Levegőszennyeződés - pollen - Magyarország - 2019-2020 - előadáskivonat 
700 0 1 |a Udvardy Orsolya  |e aut 
700 0 1 |a Ferencz Árpád  |e aut 
700 0 1 |a Makra László  |e aut 
700 0 1 |a Magyar Donát  |e aut 
710 |a Wellmann International Scientific Conference (19.) (2022) (Hódmezővásárhely) 
856 4 0 |u http://acta.bibl.u-szeged.hu/76335/1/wellmann_abstracts_2022_097.pdf  |z Dokumentum-elérés